000 00612cam a2200205 4500500
005 20260405002537.0
041 _afre
042 _adc
100 1 0 _ade Saint Maurice, Thibaut
_eauthor
245 0 0 _aLe Néant déchaîné
260 _c2017.
500 _a74
690 _aMartin Duru
690 _aNihilisme
690 _aRay Brassier
690 _aRéalisme spéculatif
690 _aSpéculation
786 0 _nPhilosophie magazine | 113 | 10 | 2017-10-01 | p. 61-61 | 1951-1787
856 4 1 _uhttps://shs.cairn.info/magazine-philosophie-magazine-2017-10-page-61?lang=fr&redirect-ssocas=7080
999 _c2058721
_d2058722